|
|
|
|
| LEADER |
00582nam a22001697a 4500 |
| 020 |
|
|
|a 9781445607696
|
| 082 |
|
|
|a 822.33
|b NIC/H
|
| 100 |
|
|
|a Nicholas Fogg
|9 44647
|
| 245 |
|
|
|a Hidden Shakespeare:
|b a biography/
|c by Nicholas Fogg
|
| 260 |
|
|
|a UK:
|b Amberley Publishing,
|c 2012.
|
| 300 |
|
|
|a 320p.
|
| 650 |
|
|
|a Shakepeare Biography
|9 44648
|
| 650 |
|
|
|a Literature English
|9 44649
|
| 650 |
|
|
|a Literature
|9 44650
|
| 942 |
|
|
|c BK
|
| 999 |
|
|
|c 71271
|d 71271
|
| 952 |
|
|
|0 0
|1 0
|4 0
|6 822_330000000000000_NIC_H
|7 0
|9 91880
|a SSUS
|b SSUS
|c STACKS
|d 2018-05-05
|g 1780.00
|o 822.33 NIC/H
|p 089022
|r 2018-05-05
|w 2018-05-05
|y BK
|